Statistics for Florida Panthers Roster 2023

Click here to take the quiz!

General Stats

  • This quiz has been taken 464 times
    (116 since last reset)
  • The average score is 15 of 26

Answer Stats

Pos, #BirthplacePlayer% Correct
F, 16Pirkanmaa, FINAleksander Barkov
95%
F, 19Arizona, USAMatthew Tkachuk
95%
G, 72Kuzbass, RUSSergei Bobrovsky
88%
D, 5Ontario, CANAaron Ekblad
87%
F, 13British Columbia, CANSam Reinhart
84%
D, 62Ontario, CANBrandon Montour
79%
D, 7Střední Čechy, CZERadko Gudas
79%
F, 9Ontario, CANSam Bennett
77%
F, 15Uusimaa, FINAnton Lundell
76%
F, 10Quebec, CANAnthony Duclair
75%
F, 23Ontario, CANCarter Verhaeghe
71%
D, 42Östergötland, SWEGustav Forsling
69%
F, 94Ontario, CANRyan Lomberg
69%
G, 34Minnesota, USAAlex Lyon
67%
F, 12Ontario, CANEric Staal
52%
D, 18Ontario, CANMarc Staal
52%
F, 27Pohjois-Savo, FINEetu Luostarinen
51%
F, 21Ontario, CANNick Cousins
45%
D, 28Alberta, CANJosh Mahura
33%
F, 6Massachusetts, USAColin White
32%
F, 54Ontario, CANGivani Smith
27%
D, 4Massachusetts, USACasey Fitzgerald
20%
F, 22Ontario, CANZac Dalpe
19%
D, 32Gävleborg, SWELucas Carlsson
17%
G, 50Newfoundland and Labrador, CANEvan Fitzpatrick
5%
D, 44Alberta, CANMichael Benning
1%

Score Distribution

Percentile by Number Answered

Percent of People with Each Score

Your Score History

You have not taken this quiz since the last reset